[Event "9.Offene Senioren SH 2015"]
[Site "Buesum"]
[Date "2015.10.06"]
[Round "8.1"]
[White "Werner, Clemens"]
[Black "Baum, Bernd, Dr."]
[Result "1-0"]
[BlackElo "2264"]
[BlackTeam "SV Empor Erfurt"]
[WhiteElo "2330"]
[WhiteTeam "Karlsruher SF"]

1. e4 c5 2. Nf3 g6 3. c3 d5 4. exd5 Qxd5 5. d4 Bg7  6. Na3 cxd4 7. Nb5 Na6 8.
Nbxd4 Nf6 9. Bb5+ Bd7 10. Qe2 O-O 11. O-O Bxb5 12. Nxb5 Rfd8 13. Be3 Qe6 14.
Rfe1 b6 15. Ng5 Qc6 16. Rad1 Rxd1 17. Rxd1 Nc7 18. Nd4 Qa4 19. b3 Qe8 20. c4 e5
21. Nc2 Rd8 22. Rxd8 Qxd8 23. Nf3 Nd7 24. Qd2 Qe7 25. Nb4 Nb8 26. Bg5 f6 27. Nd5
Nxd5 28. Qxd5+ Kh8 29. Nxe5 Bf8 30. Nf7+ Kg7 31. Bh6+ Kg8 32. Ne5+ Kh8 33. Bxf8
Qxf8 34. Ng4 Qe7 35. g3 Na6 36. Qd4 Kg7 37. Ne3 h5 38. h4 Nc5 39. Nd5 Qd6 40.
Kg2 Nd7 41. Nf4 Qe7 42. Qd5 Ne5 43. c5 bxc5 44. Ne6+ Kh6 45. Nxc5 Ng4 46. Qa8 g5
47. hxg5+ Kxg5 48. Qd5+ Kh6 49. Ne6 Ne5 50. Qd2+ Kh7 51. Nf4 Qe8 52. Qd5 Kh6 53.
Qe4 Qd7 54. Nd5 Ng4 55. Nf4 Ne5 56. Qd5 Qe7 57. Kf1 Qc7 58. Qa8 Qf7 59. Qh8+ Kg5
60. Qc8 Ng4 61. Qc5+ Kh6 62. f3 Ne5 63. Kg2 Qd7 64. Qd5 Qe8 65. Nd3 Ng6 66. Qe4
Qc8 67. Qe3+ Kg7 68. Qxa7+ Kh6 69. Qe3+ Kg7 70. Nc5 h4 71. Qd4 Qa8 72. gxh4
Qxa2+ 73. Kg3 Qb1 74. Qd7+ Kg8 75. Qe8+ Kh7 76. Qe3 Qh1 77. Nd3 Qxh4+ 78. Kg2
Qh5 79. Qa7+ Kh6 80. Qe3+ Kh7 81. Qe4 Kg7 82. Qg4 Qd5 83. Qxg6+  1-0

[Event "9.Offene Senioren SH 2015"]
[Site "Buesum"]
[Date "2015.10.06"]
[Round "8.2"]
[White "Bartsch, Berthold"]
[Black "Glaeser, Wilfried"]
[Result "1-0"]
[BlackElo "2135"]
[BlackTeam "SK Anderten"]
[WhiteElo "2323"]
[WhiteTeam "SC Forchheim"]

1. Nc3 d5 2. e4 dxe4 3. Nxe4 Nf6 4. Ng3 c5  5. Nf3 Nc6 6. Bb5 Bd7 7. O-O g6 8.
c3 Bg7 9. d4 cxd4 10. cxd4 O-O 11. h3 Qb6 12. Bc4 Na5 13. Be2 Rfd8 14. Rb1 Be8
15. Be3 Nd5 16. b4 Nc6 17. b5 Ne5 18. Qb3 Nxf3+ 19. Bxf3 e6 20. Bg5 Bf6 21. Bxf6
Nxf6 22. Ne2 Nd5 23. Rfc1 Kg7 24. Rc5 a6 25. a4 axb5 26. axb5 Ra5 27. Qd3 Nf4
28. Nxf4 Qxc5 29. dxc5  1-0

[Event "9.Offene Senioren SH 2015"]
[Site "Buesum"]
[Date "2015.10.06"]
[Round "8.3"]
[White "Schumacher, Gottfried"]
[Black "Ackermann, Hans Werner"]
[Result "1-0"]
[BlackElo "2333"]
[BlackTeam "SSC Rostock"]
[WhiteElo "2246"]
[WhiteTeam "HTC Bad Neuenahr"]

1. c4 Nf6 2. Nf3 e6 3. g3 d5 4. cxd5 exd5 5. Bg2 Bd6 6. O-O O-O 7. d3 Re8 8. Nc3
c6 9. Re1 Bb4 10. Qa4 a5 11. a3 Be7 12. e4 Nbd7 13. e5 Nc5 14. Qc2 Nfd7 15. d4
Ne6 16. Bd2 Nb6 17. Rad1 Nc4 18. Bc1 g6 19. h4 Ng7 20. Ng5 Bg4 21. f3 Bf5 22.
Qf2 b5 23. Bf1 Nb6 24. Ne2 b4 25. Nf4 Qc8 26. Kh2 Bd7 27. g4 Qd8 28. Bd3 Rb8 29.
Qc2 Bxg5 30. hxg5 Qe7 31. Kg3 Ne6 32. Rh1 Qf8 33. Rxh7 Nxg5 34. Nxg6 fxg6 35.
Bxg5 Kxh7 36. Bxg6+ Kg8 37. Bh7+ Kh8 38. Rh1 { Weiss gewinnt nach weiteren
Zuegen  (  Anm.: nicht rekonstruierbar  )  .} 1-0

[Event "9.Offene Senioren SH 2015"]
[Site "Buesum"]
[Date "2015.10.06"]
[Round "8.4"]
[White "Hess, Christian"]
[Black "Hassenrueck, Helmut"]
[Result "1-0"]
[BlackElo "2240"]
[BlackTeam "SG-Gladbeck"]
[WhiteElo "2203"]
[WhiteTeam "FC St. Pauli"]

1. c4 Nf6 2. Nf3 e6 3. b3 d5 4. Bb2 c5 5. e3 Nc6 6. cxd5 exd5 7. Bb5 Bd6 8. O-O
O-O 9. d4 cxd4 10. Nxd4 Bd7 11. Nc3 Qe7 12. Nf3 Be6 13. Rc1 a6 14. Bxc6 bxc6 15.
Na4 Rac8 16. Qd3 Bg4 17. Nb6 Rc7 18. Ng5  Ne4 19. Nxe4 dxe4 20. Qd4 f5 21. Nc4
Rd8 22. Nxd6 Rxd6 23. Qc4+ Kh8 24. h3 Bxh3 25. gxh3 Qh4 26. Qc5 Rg6+ 27. Kh2 Rf7
28. Qe5 Rf8 29. Rxc6 Rg4 30. Qxf5  1-0

[Event "9.Offene Senioren SH 2015"]
[Site "Buesum"]
[Date "2015.10.06"]
[Round "8.5"]
[White "Zunker, Reinhard, Dr."]
[Black "Kierzek, Matthias, Dr."]
[Result "1/2-1/2"]
[BlackElo "2226"]
[BlackTeam "SC Fulda"]
[WhiteElo "2135"]
[WhiteTeam "SV Hofheim"]

1. e4 c6 2. d4 d5 3. exd5 cxd5 4. Bd3 Nc6 5. c3 Nf6 6. Bf4 g6 7. Nf3 Bg7 8. O-O
O-O 9. h3 Bf5 10. Ne5 Rc8 11. Re1 Bxd3 12. Nxc6 Rxc6 13. Qxd3 Qb6 14. Re2 Rfc8
15. a4 e6  16. Na3 a6 17. Bc1 Ne4 18. Be3 Nd6 19. Bg5 Nc4 20. Nxc4 Rxc4 21. Be7
Bf8 22. Bxf8 Kxf8 23. a5 Qb5 24. Qd1 Kg8 25. Ra3 R8c7 26. Rd2  1/2-1/2

[Event "9.Offene Senioren SH 2015"]
[Site "Buesum"]
[Date "2015.10.06"]
[Round "8.6"]
[White "Strenzke, Guenter, Dr."]
[Black "Weidlich, Guenter"]
[Result "0-1"]
[BlackElo "2197"]
[BlackTeam "SV Dresden-Leuben"]
[WhiteElo "2018"]
[WhiteTeam "SCC Palame"]

1. d4 g6 2. Nf3 Bg7 3. e3 Nf6 4. Bd3 O-O 5. O-O d6 6. b3 Nbd7 7. Bb2 e5 8. dxe5
Ng4 9. c3 Ngxe5 10. Bc2 b6 11. Be4 Rb8 12. Nd4 Nc5 13. Nc6 Nxc6 14. Bxc6 Ba6 15.
Re1 Nd3 16. Re2 Ne5 17. Be4 Bxe2 18. Qxe2 d5 19. Bc2 Re8 20. Nd2 Qe7 21. Rd1
Rbd8 22. Qa6 c5 23. Ba3 Ng4 24. Qd3 Qh4  0-1

[Event "9.Offene Senioren SH 2015"]
[Site "Buesum"]
[Date "2015.10.06"]
[Round "8.7"]
[White "Rueberg, Jobst"]
[Black "Gehrmann, Rudolf-Rainer"]
[Result "1/2-1/2"]
[BlackElo "2132"]
[BlackTeam "SV Eutin"]
[WhiteElo "2143"]
[WhiteTeam "SV Ahlen"]

1. e4 c5 2. Nf3 d6 3. c3 Nc6 4. h3 Nf6 5. Bd3 g6 6. Bc2 Bg7 7. O-O O-O 8. Re1 e5
9. d4 exd4 10. cxd4 Re8 11. d5 Nb4 12. Nc3 Nxc2 13. Qxc2 h6 14. Bf4 g5 15. Bh2
g4 16. hxg4 Nxg4 17. Bg3 Ne5 18. Nxe5 Bxe5 19. Ne2 Bg4 20. f3 Bh5 21. Qd2 Kh7
22. Kf2 Bg7 23. Rh1 Bg6 24. Bf4 Qf6 25. Bxh6 Bxh6 26. Qxh6+ Kg8 27. Rab1 Rxe4
28. Rbe1 Rae8 29. Qd2 R4e7 30. g3 b5 31. Nf4 Rxe1 32. Rxe1 Rxe1 33. Kxe1 Bb1 34.
a3 Qf5 35. g4 Qg5 36. Kf2 Ba2 37. Kg3 Bb3 38. Qe2 Bxd5 39. Qxb5 Qe5 40. Qd3 Be6
41. Qd2 c4 42. Kh4 d5 43. Nh5 d4 44. f4 Qe3 45. Qg2 Bc8 46. f5 d3 47. Qd5 Qe1+
48. Kg5 Qe3+ 49. Kh4 Qe1+ 50. Kg5 Qe3+ 51. Kh4 Qe1+ 52. Kg5 Qe3+  1/2-1/2

[Event "9.Offene Senioren SH 2015"]
[Site "Buesum"]
[Date "2015.10.06"]
[Round "8.8"]
[White "Ljubarskij, Juri"]
[Black "Reinhold, Klaus, Dr."]
[Result "1-0"]
[BlackElo "2057"]
[BlackTeam "SC Gronau"]
[WhiteElo "2226"]
[WhiteTeam "Hannover 96"]

1. e4 e5 2. Nc3 Nf6 3. Nf3 Nc6 4. Bb5 Bb4 5. O-O Bxc3 6. bxc3 d6 7. Re1 O-O 8.
d4 Bg4 9. Bb2 Qe7 10. h3 Bh5 11. a4 Rfd8 12. a5 Nb8 13. g4 Bg6 14. Nh4 c6 15.
Bf1 Nbd7 16. Nf5 Bxf5 17. exf5 h6 18. Ba3 c5 19. Bg2 Rab8 20. f4 e4 21. g5 hxg5
22. fxg5 Nd5 23. f6 Qf8 24. dxc5 Nxc3 25. Qxd6 Qxd6 26. cxd6 gxf6 27. Bb2 Rbc8
28. Ra3 Nb5 29. Rb3 Nxd6 30. gxf6 Rxc2 31. Rd1 Nc5 32. Rg3+ Kh8 33. Rd5  1-0

[Event "9.Offene Senioren SH 2015"]
[Site "Buesum"]
[Date "2015.10.06"]
[Round "8.9"]
[White "Lutz, Albert"]
[Black "Kurka, Dieter"]
[Result "1-0"]
[BlackElo "2044"]
[BlackTeam "Koelner SK Dr. Lasker"]
[WhiteElo "2204"]
[WhiteTeam "SK Krumbach"]

1. Nf3 Nf6 2. c4 c5 3. Nc3 b6 4. e3 e6 5. d4 cxd4 6. exd4 d6 7. Bd3 Bb7 8. O-O
Nbd7 9. Bf4 a6 10. Re1 Be7 11. Rc1 O-O 12. b4 Re8 13. a3 Bf8 14. h3 Rc8 15. Bg5
Qc7 16. Ne4 Be7 17. Ng3 Qb8 18. Nd2 Qa8 19. f3 a5 20. Qb3 axb4 21. axb4 Qb8 22.
Ne2 h6 23. Bf4 e5 24. Bg3 Nh5 25. Bh2 Bg5 26. Qc3 Be3+ 27. Kf1 Bxd2 28. Qxd2 e4
29. fxe4 Bxe4 30. Nc3 Bxd3+ 31. Qxd3 Re6 32. Rxe6 fxe6 33. Qe2 Rf8+ 34. Kg1 Qe8
35. Bxd6 Rf6 36. Nd5 Rf7 37. Re1 Nf8 38. Nxb6 Nf4 39. Qe4 N8g6 40. c5 Qb5 41. d5
e5 42. Nc8 Nh4 43. Ne7+ Kh8 44. Ra1 Rf8 45. Bxe5 Nfxg2 46. Ng6+ Nxg6 47. Qxg6 
1-0

[Event "9.Offene Senioren SH 2015"]
[Site "Buesum"]
[Date "2015.10.06"]
[Round "8.10"]
[White "Szenetra, Werner"]
[Black "Bondick, Karl-Heinz"]
[Result "1-0"]
[BlackElo "2038"]
[BlackTeam "USC Magdeburg"]
[WhiteElo "2200"]
[WhiteTeam "SV Berenbostel"]

1. Nf3 f5 2. d3 Nf6 3. e4 d6 4. Nc3 e5 5. exf5 Bxf5 6. d4 e4 7. Nh4 Bg4 8. Be2
Be6 9. d5 Bf7 10. Qd4 Be7 11. Nf5 O-O 12. Nxe4 c5 13. Nxe7+ Qxe7 14. Nxf6+ gxf6
15. Qe3 Qc7 16. Qg3+ Kh8 17. Bh6 Rg8 18. Qh4 Nd7 19. O-O-O Bg6 20. Bb5 Raf8 21.
Bxf8 Rxf8 22. Rhe1  1-0

[Event "9.Offene Senioren SH 2015"]
[Site "Buesum"]
[Date "2015.10.06"]
[Round "8.11"]
[White "Lotzien, Hans"]
[Black "Duemmke, Juergen"]
[Result "1/2-1/2"]
[BlackElo "2035"]
[BlackTeam "SV Grosshansdorf"]
[WhiteElo "2165"]
[WhiteTeam "Godesberger SK"]

1. e4 d5 2. Nc3 Nf6 3. exd5 Nxd5 4. Nxd5 Qxd5 5. Qf3 Qc5 6. c3 e5 7. d3 Nc6 8.
Be3 Qa5 9. Ne2 Be6 10. a3 O-O-O 11. Bd2 Qb5 12. b4 Rxd3 13. Ng3 Bc4 14. Bxd3 
1/2-1/2

[Event "9.Offene Senioren SH 2015"]
[Site "Buesum"]
[Date "2015.10.06"]
[Round "8.12"]
[White "Kierzek, Mira"]
[Black "Weyrauch, Erich"]
[Result "1/2-1/2"]
[BlackElo "2153"]
[BlackTeam "SV Ruhrspringer"]
[WhiteElo "2054"]
[WhiteTeam "SC Fulda"]

1. d4 Nf6 2. Nf3 d5 3. c4 c6 4. Nc3 e6 5. e3 Nbd7 6. Bd3 dxc4 7. Bxc4 Bd6 8. O-O
O-O 9. Qc2 e5 10. dxe5 Nxe5 11. Nxe5 Bxe5 12. h3 Qe7 13. Bd2 Be6 14. Bd3 Rad8
15. Rad1 Qd7 16. Bc1 Qe7 17. b3 h6 18. e4 Nh5 19. Ne2 Bc7 20. Be3 Qh4 21. f4
Bxh3 22. gxh3 Qxh3 23. Qc1 f5 24. e5 Rxd3 25. Rxd3 Qg4+ 26. Kf2 Qh4+ 27. Kg2
Qg4+ 28. Kf2  1/2-1/2

[Event "9.Offene Senioren SH 2015"]
[Site "Buesum"]
[Date "2015.10.06"]
[Round "8.14"]
[White "Lomer, Edmund"]
[Black "Achenbach, Manfred"]
[Result "1/2-1/2"]
[BlackElo "2094"]
[BlackTeam "SC Muelheim"]
[WhiteElo "2034"]
[WhiteTeam "Eckernfoerder SC"]

1. Nf3 c5 2. g3 d5 3. Bg2 Nf6 4. O-O g6 5. d4 cxd4 6. Nxd4 Bg7 7. c4 O-O 8. cxd5
Nxd5 9. e4 Nb4 10. Be3 e5 11. Nb5 Qa5 12. N1c3 Rd8 13. Qa4 Qxa4 14. Nxa4 N8a6
15. Nc5 Nc2 16. Nxa6 bxa6 17. Nc7 Rb8 18. Rad1 Rxd1 19. Rxd1 Nd4 20. Bxd4 exd4
21. Rd2 Bb7 22. f4 Rc8 23. Nd5 Bf8 24. Nf6+ Kg7 25. e5 Bxg2 26. Kxg2 d3 27. Kf3
Rc2 28. Ke3 Bb4 29. Rxd3 Rxb2 30. a3 Be7 31. Ne4 Ra2 32. Nd6 Kf8 33. h4 Bxd6 34.
exd6 Ke8 35. d7+ Kd8 36. Kd4 Kxd7 37. Ke5+ Ke7 38. Re3 Rb2 39. Ke4 Ke6 40. Kd4+
Kd7 41. Kc5 a5 42. Kc4 a6 43. Re5 Rc2+ 44. Kd3 Rg2 45. Rxa5 Rxg3+ 46. Ke4 f5+
47. Ke5 Rh3 48. Rxa6 Rxh4 49. Ra7+ Kc6 50. a4 Kb6 51. Ra8 Rg4 52. a5+ Kb7 53.
Rd8 Ka6 54. Ra8+ Kb7 55. Rd8 h5 56. Rh8 Rg1 57. Kf6 Ka7 58. Ke5 Rg2 59. Kf6 Kb7
60. Ke5 Rg4 61. Kf6 Ka6 62. Ra8+ Kb5 63. Ra7 Rg3 64. Ra8 Kc6 65. Rb8 Kc7 66. Rb2
 1/2-1/2

[Event "9.Offene Senioren SH 2015"]
[Site "Buesum"]
[Date "2015.10.06"]
[Round "8.15"]
[White "Hunold, Rolf"]
[Black "Berenstein, Alexander"]
[Result "1-0"]
[BlackElo "2030"]
[BlackTeam "SV VHS Rendsburg"]
[WhiteElo "2093"]
[WhiteTeam "SV Ruhrspringer"]

1. e4 e6 2. d4 b6 3. Bd3 d6 4. Qe2 Bb7 5. Nf3 Nd7 6. c3 h6 7. Be3 a6 8. Nbd2 c5
9. O-O Ngf6 10. Rad1 Qc7 11. Rfe1 Be7 12. h3 e5 13. d5 g5 14. Nf1 Nf8 15. Ng3
Ng6 16. Qc2 Nf4 17. Bf1 Bc8 18. Nh2 Bd7 19. c4 h5 20. Nf5 Bxf5 21. exf5 g4 22.
h4 O-O-O 23. g3 Nh3+ 24. Bxh3 gxh3 25. Bg5 Rdg8 26. Bxf6 Bxf6 27. Nf3 Rg4 28.
Kh2 Qd7 29. Kxh3 Rd8 30. Nh2 Rg7 31. Qe4 Rdg8 32. b3 Kc7 33. Rb1 a5 34. a3 Bd8
35. Re2 Rg6 36. Re3 Rf6 37. Rf3 Kc8 38. Kg2 Bc7 39. b4 axb4 40. axb4 cxb4 41.
Rxb4 Kd8 42. Rbb3 Ke7 43. Qb1 Kf8 44. Ra3 Kg7 45. Ra7 Qc8 46. Nf1 Kh8 47. Rfa3
Bb8 48. Re7 Qxc4 49. Ne3 Qxh4 50. Qxb6 Qe4+ 51. Kh2 Qf3 52. Qb2 h4 53. g4 h3 54.
Ra1 Qf4+ 55. Kh1 { Weiss gewinnt nach weiteren Zuegen  (  Anm.: nicht
rekonstruierbar  )  .} 1-0

[Event "9.Offene Senioren SH 2015"]
[Site "Buesum"]
[Date "2015.10.06"]
[Round "8.16"]
[White "Schwertel, Johann"]
[Black "Villing, Dieter"]
[Result "0-1"]
[BlackElo "2066"]
[BlackTeam "SK Ludwigshafen"]
[WhiteElo "1991"]
[WhiteTeam "SV Koblenz"]

1. d4 d6 2. Nf3 Bg4 3. e3 Nd7 4. Be2 Ngf6 5. h3 Bh5 6. c3 e6 7. Nbd2 Be7 8. Nf1
c5 9. Ng3 Bg6 10. O-O Qb6 11. Bd3 a5 12. e4 cxd4 13. Nxd4 O-O 14. Re1 Nc5 15.
Bc2 d5 16. exd5 Nxd5 17. Bxg6 hxg6 18. Qe2 Rad8 19. Qb5 Qxb5 20. Nxb5 Nd3 21.
Rd1 Nxc1 22. Raxc1 Nf4 23. Kf1 b6 24. Nd4 Bc5 25. Nge2 g5 26. Nxf4 gxf4 27. Nb3
Be7 28. Ke2 e5 29. f3 f5 30. Rxd8 Rxd8 31. Rd1 Rxd1 32. Kxd1 Kf7 33. Ke2 Ke6 34.
Nd2 Bc5 35. Kd3 Kd5 36. c4+ Kd6 37. b3 Be3 38. Nf1 Kc5 39. g4 fxg4 40. hxg4 Kb4
41. g5 Ka3 42. Kc2 Kxa2 43. Nh2 Ka3 44. Ng4 Bd4 45. Nh2 Kb4 46. Nf1 Be3 47. Nh2
a4 48. bxa4 Kxc4 49. Ng4 Bd4 50. Nf6 Bc5 51. Ne8 Bf8 52. Nc7 e4 53. fxe4 f3 54.
Kd1 Bb4 55. Nd5 Ba5 56. Nf4 Kd4 57. e5 Kxe5 58. Nh5 Kf5 59. Nxg7+ Kxg5 60. Ne6+
Kf5 61. Nd4+ Ke4 62. Nc2 Kd3 63. Ne1+ Bxe1 64. Kxe1 Ke3  0-1

[Event "9.Offene Senioren SH 2015"]
[Site "Buesum"]
[Date "2015.10.06"]
[Round "8.17"]
[White "Krotofil, Kurt"]
[Black "Rychlik, Kurt"]
[Result "0-1"]
[BlackElo "2060"]
[BlackTeam "SV Berenbostel"]
[WhiteElo "1986"]
[WhiteTeam "Niendorfer TSV"]

1. d4 g6 2. c4 Bg7 3. Nc3 d6 4. e4 Nc6 5. d5 Nd4 6. Nge2 c5 7. Nxd4 cxd4 8. Nb5
Qb6 9. a4 a6 10. a5 Qc5 11. b4 Qxb4+ 12. Bd2 Qc5 13. Qa4 axb5 14. cxb5 Bd7 15.
Rc1 Qa7 16. Rc7 Nf6 17. Bd3 O-O 18. O-O Rfc8 19. Rfc1 Rxc7 20. Rxc7 Qb8 21. Qc2
b6 22. a6 Ra7 23. Rc4 Ne8 24. Qa4 Nc7 25. Rc2 h6 26. f4 Qe8 27. Qb4 f5 28. Be1
fxe4 29. Bxe4 Nxb5 30. Bd3 Rxa6 31. Rb2 Ra5 32. Qb3 Ra1 33. Kf2 Ra3 34. Qc2 Nc3
35. Bxg6 Qf8 36. Bd2 Qf6 37. Rxb6 Qh4+ 38. Kf1 Ra1+ 39. Be1 Qxe1#  0-1

[Event "9.Offene Senioren SH 2015"]
[Site "Buesum"]
[Date "2015.10.06"]
[Round "8.18"]
[White "Nyberg, Ulf"]
[Black "Riek, Wolfgang"]
[Result "1-0"]
[BlackElo "1982"]
[BlackTeam "SC Muelheim"]
[WhiteElo "2151"]
[WhiteTeam "SK Kamraterna Goeteborg"]

1. e4 e5 2. Nf3 d6 3. d4 exd4 4. Nxd4 Nf6  5. Nc3 Be7 6. Bf4 Nc6 7. Qd2 Nxd4 8.
Qxd4 Be6 9. O-O-O Nh5 10. Be3 Bf6 11. Qd2 g5 12. g3 Bg4 13. Be2 Bxe2 14. Nxe2
Qe7 15. h4 gxh4 16. g4 Qe6 17. gxh5 Qxa2 18. Qb4 c5 19. Qb5+ Kf8 20. Bh6+  1-0

[Event "9.Offene Senioren SH 2015"]
[Site "Buesum"]
[Date "2015.10.06"]
[Round "8.19"]
[White "Hagermann, Hermann"]
[Black "Jacoby, Gisbert"]
[Result "0-1"]
[BlackElo "2151"]
[BlackTeam "FC St. Pauli"]
[WhiteElo "1949"]
[WhiteTeam "SV Erkenschwick"]

1. e4 c5 2. b3 Nf6 3. e5 Nd5 4. Bb2 Nc6 5. Nf3 e6 6. Na3 Be7 7. Bb5 Qc7 8. O-O
O-O 9. Re1 f6 10. Bxc6 Qxc6 11. c4 Nf4 12. Re3 b6 13. Nb5 Bb7 14. Nd6 Bxd6 15.
exd6 e5 16. Qc2 Qxd6 17. Rae1 Qc6 18. Qf5 Qe6 19. Qxe6+ Nxe6 20. g3 Rad8 21. Nh4
g6 22. Ng2 d5 23. d3 dxc4 24. dxc4 Nd4 25. Bxd4 Rxd4 26. R3e2 Bxg2 27. Kxg2 Rf7
28. h3 h5 29. Kf3 Rfd7 30. g4 Rd3+ 31. Kg2 hxg4 32. hxg4 R3d4 33. f3 Rd2 34. Kf2
Kf7 35. Kg3 Rxe2 36. Rxe2 Ke6 37. Kf2 f5 38. gxf5+ Kxf5 39. Kg3 Rd3 40. Kg2 g5
41. Kf2 Rd4 42. Kg3 g4 43. fxg4+ Rxg4+ 44. Kf3 Rf4+ 45. Kg3 e4 46. Re1 Rf3+ 47.
Kg2 Ke5 48. Re2 Kd4 49. Rd2+ Ke3 50. Rb2 Rf5 51. Rc2 Kd3 52. Rc1 Kd2  0-1

[Event "9.Offene Senioren SH 2015"]
[Site "Buesum"]
[Date "2015.10.06"]
[Round "8.20"]
[White "Klages, Hans Juergen"]
[Black "Gudat, Alfons"]
[Result "1-0"]
[BlackElo "1969"]
[BlackTeam "SK Oldenburg"]
[WhiteElo "2121"]
[WhiteTeam "SVg Boehmetal"]

1. e4 c5 2. Nc3 Nc6 3. f4 g6 4. Nf3 Bg7 5. d3 d6 6. Be2 e6 7. Be3 Nd4 8. e5 dxe5
9. fxe5 Ne7 10. Ne4 O-O 11. Nxc5 Nef5 12. Bxd4 Nxd4 13. c3 Nf5 14. Qa4 b6 15.
Ne4 Bd7 16. Qb3 Bc6 17. Kf2 Bh6 18. Nf6+ Kh8 19. Ng4 Bg7 20. Rhe1 h5 21. Ne3
Nxe3 22. Kxe3 Bxf3 23. Bxf3 Rc8 24. d4 Qh4 { Weiss gewinnt nach weiteren Zuegen
(Anm.: nicht rekonstruierbar).} 1-0

[Event "9.Offene Senioren SH 2015"]
[Site "Buesum"]
[Date "2015.10.06"]
[Round "8.21"]
[White "Erhart, Uwe"]
[Black "Zimmermann, Manfred"]
[Result "1-0"]
[BlackElo "1957"]
[BlackTeam "Kieler SG"]
[WhiteElo "2087"]
[WhiteTeam "Raisdorfer SG"]

1. e4 c5 2. Nf3 a6 3. d4 cxd4 4. Nxd4 Nf6 5. Nc3 e5 6. Nf3 Bb4 7. Bd2 O-O 8. Bd3
d6 9. h3 Bd7 10. Ne2 Bc5 11. O-O Bc6 12. Ng3 b5 13. Re1 Nbd7 14. b4 Bb6 15. c4
Re8 16. cxb5 Bxb5 17. Qe2 Bxd3 18. Qxd3 Nf8 19. Nf5 Bc7 20. Ne3 Ng6 21. Nd5 Nxd5
22. Qxd5 h6 23. Rac1 Ne7 24. Qc4 Bb6 25. a4 Qd7 26. a5 Rec8 27. Qd3 Rxc1 28.
Rxc1 Bd8 29. Nxe5 Qe6  30. Nc6 Nxc6 31. Rxc6 Be7 32. Rxa6 Rxa6 33. Qxa6 Qxe4 34.
Qc8+ Kh7 35. a6 d5 36. a7 Qb1+ 37. Kh2 Bd6+ 38. g3 Bxg3+ 39. Kxg3 Qg1+ 40. Kf3
Qd1+ 41. Kg2  1-0

[Event "9.Offene Senioren SH 2015"]
[Site "Buesum"]
[Date "2015.10.06"]
[Round "8.22"]
[White "Nickel, Arno"]
[Black "Pamperin, Gerhard"]
[Result "1-0"]
[BlackElo "1948"]
[BlackTeam "SF Schwerin"]
[WhiteElo "2087"]
[WhiteTeam "Flensburger SK"]

1. c4 e6 2. Nf3 d5 3. d4 Nf6 4. g3 c5 5. cxd5 Nxd5 6. Bg2 cxd4 7. Nxd4 Bb4+ 8.
Bd2 Qa5 9. O-O Bxd2 10. Nxd2 O-O 11. Nc4 Qd8 12. Rc1 Nd7 13. Qd2 N7f6 14. Rfd1
Nb6 15. Qc2 Nxc4 16. Qxc4 Qb6 17. Nb5 Bd7 18. Nd6 Bc6 19. Bxc6 bxc6 20. b3 Qa5
21. Rc2 Rad8 22. Qxc6 Qe5 23. Rcd2 Nd5 24. Nc4 Qb8 25. e4 Rc8 26. Qd6 Nc3 27.
Qxb8 Rxb8 28. Re1 Rfd8 29. Rxd8+ Rxd8 30. a3 f6 31. Kg2 Rd4 32. f3 Kf7 33. Re3
Nd1 34. Re2 e5 35. Rd2 Ne3+ 36. Kf2 Nxc4 37. Rxd4 exd4 38. bxc4 Ke6 39. Ke2 Kd6
40. Kd3 Kc5 41. f4 h5 42. e5 fxe5 43. fxe5 g5 44. e6 Kd6 45. Kxd4 Kxe6 46. Kc5 
1-0

[Event "9.Offene Senioren SH 2015"]
[Site "Buesum"]
[Date "2015.10.06"]
[Round "8.23"]
[White "Quiring, Nikolai"]
[Black "Juergens, Peter"]
[Result "1/2-1/2"]
[BlackElo "1943"]
[BlackTeam "SC Tempo Goettingen"]
[WhiteElo "2048"]
[WhiteTeam "SV VHS Rendsburg"]

1. d4 e6 2. c4 Nf6 3. Nc3 Bb4 4. Qc2 d5 5. a3 Bxc3+ 6. Qxc3 Ne4 7. Qc2 c5 8.
dxc5 Nc6 9. e3 Qa5+ 10. Bd2 Nxd2 11. Qxd2 dxc4 12. Qxa5 Nxa5 13. Rc1 b5 14. cxb6
Bb7 15. bxa7 Ke7 16. Nf3 Bxf3 17. gxf3 Rxa7 18. Rg1 g6 19. Rg4 Rb8 20. Rc2 Rab7
21. Bxc4 Nxc4 22. Rgxc4 Rxb2 23. Rc7+ Ke8 24. Kd2 Rb1 25. Rc8+ Rxc8 26. Rxc8+
Kd7 27. Rc1 Rb2+ 28. Rc2 Rb3 29. Ra2 Kc6 30. f4 Kb5 31. a4+ Ka5 32. Kc2 Rb4 33.
Kc3 f6 34. h4 Rb7 35. Kd4 Rd7+ 36. Kc5 Rd5+ 37. Kc4 Rd7 38. Kc5 Rd5+ 39. Kc6 Rh5
40. Kd6 e5 41. fxe5 Rxe5 42. Rd2 Kxa4 43. Rd4+ Kb3 44. Rf4 Rh5 45. Rxf6 Rxh4 46.
f4 Kc4 47. Re6 Kd3 48. Re7 Rg4 49. e4 Rxf4 50. e5 Rd4+ 51. Ke6 h5 52. Kf6 Rf4+
53. Kxg6 Ke4 54. e6 Ke5 55. Rf7 Rg4+ 56. Kxh5 Kxe6  1/2-1/2

[Event "9.Offene Senioren SH 2015"]
[Site "Buesum"]
[Date "2015.10.06"]
[Round "8.24"]
[White "Fritsch, Juergen, Dr."]
[Black "Kracht, Helmut"]
[Result "0-1"]
[BlackElo "2039"]
[BlackTeam "SK Kaltenkirchen"]
[WhiteElo "1868"]
[WhiteTeam "SK Lister Turm"]

1. e4 c5 2. f4 Nc6  3. Nf3 g6 4. Nc3 Bg7 5. Bb5 Nd4 6. Nxd4 cxd4 7. Ne2 a6 8.
Bd3 d6 9. O-O e6 10. Ng3 e5 11. Qf3 Qe7 12. b3 Nh6 13. h3 O-O 14. Ba3 b5 15.
Rae1 Bd7 16. f5 f6 17. Qf2 Rfc8 18. Qe2 Rab8 19. Qd1 b4 20. Bb2 Bb5 21. Bxb5
Rxb5 22. d3 Qc7 23. Rf2 Rc5 24. Qb1 Rxc2 25. Ree2 Rxe2 26. Rxe2 Nf7 27. Nf1 Bh6
28. g4 Bc1 29. Ba1 Ba3 30. Qe1 Qc1 31. Kf2 Qf4+  0-1

[Event "9.Offene Senioren SH 2015"]
[Site "Buesum"]
[Date "2015.10.06"]
[Round "8.25"]
[White "Bullert, Wolfgang"]
[Black "Opitz, Christian"]
[Result "1/2-1/2"]
[BlackElo "2016"]
[BlackTeam "SK Radolfzell"]
[WhiteElo "1923"]
[WhiteTeam "SV Potsdam Mitte"]

1. d4 Nf6 2. f3 d5 3. e4 dxe4 4. Nc3 e3 5. Bxe3 Bf5 6. Bd3 Bg6 7. Nge2 e6  8.
Ne4 Nbd7 9. N2c3 Be7 10. O-O O-O 11. Nxf6+ Nxf6 12. Bxg6 hxg6 13. Qe2 c6 14. Ne4
 1/2-1/2

[Event "9.Offene Senioren SH 2015"]
[Site "Buesum"]
[Date "2015.10.06"]
[Round "8.26"]
[White "Lehmann, Erwin"]
[Black "Fuss, Jan, Dr."]
[Result "1-0"]
[BlackElo "1936"]
[BlackTeam "Herforder SV Koenigsspringer"]
[WhiteElo "2001"]
[WhiteTeam "Ahrensburger TSV"]

1. c4 Nf6 2. g3 c5 3. Bg2 Nc6 4. Nc3 g6 5. Nf3 Bg7 6. d4 cxd4 7. Nxd4 O-O 8. O-O
a6 9. b3 Qc7 10. Bb2 e6 11. Rc1 Qb8 12. Qd2 Nxd4 13. Qxd4 Nd5 14. Qd2 Nxc3 15.
Bxc3 Bxc3 16. Rxc3 a5 17. Rd1 Ra6 18. Rd3 Qe5 19. Bf3 b5 20. cxb5 Qxb5 21. Rd6
Qc5 22. Rxa6 Bxa6 23. Qxd7 Bb5 24. Qd2 Qc7 25. Rc1 Qb6 26. Qc3 Qa6 27. a4 Bxe2
28. Bxe2 Qxe2 29. Qxa5 Qe4 30. Qc3 Rb8 31. Ra1 Qb7 32. Ra3 Rc8 33. Qd2 Qe4 34.
a5 Rc2 35. Qe3 Qc6 36. Ra1 Rc3 37. Qf4 Rxb3 38. a6 Qa8 39. a7 Rb7 40. Qe4 Kg7
41. Qxb7  1-0

[Event "9.Offene Senioren SH 2015"]
[Site "Buesum"]
[Date "2015.10.06"]
[Round "8.27"]
[White "Wittkugel, Friedhelm"]
[Black "Niebuhr, Gerd"]
[Result "1-0"]
[BlackElo "1999"]
[BlackTeam "Freibauer Wedemark"]
[WhiteElo "1944"]
[WhiteTeam "SV Kamen"]

1. d4 Nf6 2. Nc3 d5 3. Bg5 Ne4 4. Nxe4 dxe4 5. c3 b6 6. e3 g6 7. Bc4 f6 8. Qb3
e6 9. Bf4 Qe7 10. f3 e5 11. dxe5 fxe5 12. Bg3 Bh6 13. fxe4 Qg5 14. O-O-O Qxe3+
15. Kb1 Bd7 16. Nf3 Nc6 17. Bf7+  1-0

[Event "9.Offene Senioren SH 2015"]
[Site "Buesum"]
[Date "2015.10.06"]
[Round "8.28"]
[White "Weiss, Hartwig"]
[Black "Lehr, Thomas"]
[Result "0-1"]
[BlackElo "1924"]
[BlackTeam "Husumer SV"]
[WhiteElo "1997"]
[WhiteTeam "SK Minden"]

1. Nf3 Nf6 2. c4 d6 3. g3 e5 4. d3 Be7 5. Bg2 O-O 6. O-O Ne8 7. Nc3 c6 8. d4 Qc7
9. b4 f5 10. dxe5 dxe5 11. c5 Be6 12. Bb2 Nd7 13. Qc2 g5 14. e4 g4 15. Nd2 f4
16. f3 fxg3 17. hxg3 gxf3 18. Nxf3 Ng7 19. Ne2 Rf7 20. a3 Raf8 21. Rad1 a5 22.
Rf2 axb4 23. axb4 Ra8 24. Rxd7 Bxd7 25. Bxe5 Qc8 26. Bxg7 Rxg7 27. Nh4 Bxh4 28.
gxh4 Rg4 29. Rf1 Be6 30. Qc3 Qe8 31. Nf4 Ra2 32. Qf3 Rg7 33. Kh1 Bc4 34. Rg1 Qe7
35. Qh3 Kh8 36. Nh5 Rf7 37. Qg4 Qf8 38. Bh3 Rff2 39. Bg2 Bf1 40. Qe6 Bxg2+ 41.
Rxg2 Rxg2 42. Qe5+ Rg7 43. Nxg7 Qf1#  0-1